Lord of the Rings: Seek for the Sword - Statistics

General Stats
  • This quiz has been taken 55 times
    30 since last reset
  • The average score is 4 of 8
Answer Stats
Answer % Correct
Seek for the Sword that was {broken}
100%
For Isildur's {Bane} shall waken,
71%
In {Imladris} it dwells;
67%
And the {halfling} forth shall stand.
52%
{Stronger} than morgul-spells
48%
That {Doom} is near at hand,
33%
There shall be {Councils} taken
19%
There shall be {shown} a token
19%
No matching quizzes found
Score Distribution
Percent of People with Each Score
Percentile by Number Answered
Your Score History
You have not taken this quiz since the last reset